000 00894 a2200229 4500
003 Nust
005 20170207154202.0
010 _a 2002116587
020 _a187940298X (pbk.)
035 _a(DLC) 2002116587
040 _cNust
082 0 0 _a220.6
100 1 _aBucaille, Maurice.
245 1 4 _aThe Bible, the Qur'an and science :
_bthe Holy Scriptures examined in the light of modern knowledge /
_cMaurice Bucaille ; translated from the French by Alastair D. Pannell and the author.
250 _a1st U.S. ed.
260 _aElmhurst, N.Y. :
_bTahrike Tarsile Qurá¡®,
_c2003.
300 _a269 p. ;
_c21 cm.
500 _a"Seventh edition, revised and expanded".
505 _aOld Testament (Page-1) The Quran And Modern Science (Page-110) Quranic And Biblical Narration (Page-211) Quran, Hadith And Modern Science (Page-242)
650 0 _aBible and science.
650 0 _aKoran and science.
942 _2ddc
_cBK
999 _c194736
_d194736